| 000 | 00000nam 2200000za 4500 |
| 001 | 9.699974 |
| 003 | CaOODSP |
| 005 | 20210625000626 |
| 007 | cr ||||||||||| |
| 008 | 150407s1887 onc|||||o f|0| 0 eng d |
| 040 | |aCaOODSP|beng |
| 043 | |an-cn--- |
| 086 | 1 |aCP32-153/1887E-PDF |
| 086 | 1 |aZ1-1886E-PDF |
| 245 | 00|aReport of Royal Commission on the Leasing of Water-Power, Lachine Canal |h[electronic resource] / |cE.H. Parent, chairman; Thomas Pringle, and John Kennedy, [commissioners]. |
| 246 | 1 |iAdditional title (within publication) : |aReport of Royal Commission on Water-Powers, Lachine Canal |
| 260 | |aOttawa : |bPrivy Council Office, |c1887. |
| 300 | |a56 p. : |btables |
| 500 | |aHistorical publication digitized in 2010 by Privy Council Office of Canada. |
| 590 | |a15-04-Supp|b2015-03-19 |
| 690 | 07|aCommissions of inquiry|2gcpds |
| 690 | 07|aCanals|2gcpds |
| 690 | 07|aWater management|2gcpds |
| 710 | 1 |aCanada. |bPrivy Council Office. |
| 856 | 40|ahttp://publications.gc.ca|qPDF|s4.93 MB|uhttps://publications.gc.ca/collections/collection_2014/bcp-pco/CP32-153-1887-eng.pdf |